| 000 | 00452pab a2200145 454500 | ||
|---|---|---|---|
| 008 | 180718b2004 xxu||||| |||| 00| 0 eng d | ||
| 100 | _aNowness, Anthony J. | ||
| 245 | _aThe population ecology of interest group formation: mobilizing for gay and lesbian rights in the United States, 1950-98 | ||
| 260 | _c2004 | ||
| 300 | _ap.49-67. | ||
| 362 | _aJan | ||
| 650 | _aInterest groups | ||
| 773 | _aBritish Journal of Political Science | ||
| 909 | _a60555 | ||
| 999 |
_c60555 _d60555 |
||